00517nam a22001697a 450000500170000001000150001702000260003203500140005803700130007208200150008510000170010024500610011726000520017827000520023030000240028250000410030620170405170911.0 aENG-117636 a9788179105153c900.00 aEN-101168 bDABD/PUB a338.040954 aSushil Kumar aEntrepreneurship development in India /bby Sushil Kumar aJaipurbAavishar Publishars, Distributorsc2016 a807,Vyas Building, Chaura RastabJaipure302003 axii,202p.c22cm(Hb) aIncludes bibliographical references